000
00286nam a2200097Ia 4500
008
200302s9999 xx 000 0 und d
100
_a
Adrin Schulz
245
_a
Architectural photography composition capture and digital image processing 3rd ed.
260
_b
Rocky Nook Inc.
300
_a
285
999
_c
7355
_d
7355